Statistiques concernant Les consoles de jeux vidéo les plus vendues

Cliquez ici pour prendre le quiz!

Statistiques générales

  • Ce quiz a été pris 466 fois
    (465 depuis la dernière actualisation)
  • Le résultat moyen est 12 sur 15

Statistiques - réponses

FabricantVentes (en millions)Console% Correct
Sony104,3PlayStation
99%
Sony157,7PlayStation 2
95%
Sony86,7PlayStation 3
95%
Sony50,1PlayStation 4
94%
Nintendo101,6Wii
93%
Nintendo154Nintendo DS
90%
Nintendo118,7Game Boy
86%
Microsoft85,6Xbox 360
85%
Nintendo61,6Nintendo 3DS
79%
Sony80,8PlayStation Portable
71%
Nintendo61,9Nintendo Entertainment System
70%
Nintendo49,1Super Nintendo
68%
Sega39,7Mega Drive
59%
Nintendo81,5Game Boy Advance
56%
Nintendo43,4Game & Watch
13%

Distribution des résultats

Percentile par nombre de réponses

% des personnes avec chaque résultat

Votre développement - résultats

Vous n’avez pas pris ce quiz depuis la dernière actualisation